01523nam a2200373 i 450000100060000000300100000600500170001600700030003300800410003602000180007702000150009504000350011004100080014504300120015308200200016508400130018510000320019824502010023025000220043126400540045330000590050733600270056633700330059333800280062649000210065450502160067552100420089165000300093365000320096365000380099565100350103370000420106870000390111057664CO-BoRNBP20250718153633.0ta231010t2018 ck a|||g| 001 0|spa | a9789584274519 a9584274511 aCO-BoRNBPbspaerdacCO-BoRNBP0 hspa as-ck---04a330.9bH27f222 aRES005991 aHerrera Mora, Camiloeautor10aFormalmente informalesbun ensayo sobre la clase media colombiana y los dilemas a los que se enfrenta cCamilo Herrera Mora ; con la colaboración de Alejandra Acosta Bulla y Ricardo Silva Romero aPrimera edición aBogotá, ColombiabPlaneta Colombiana S.A.c2018 a207 páginasbilustraciones en blanco y negroc23 cm  atextobtxt2rdacontent asin mediaciónbn2rdamedia avolumenbnc2rdacarrier0 aPaidós empresa0 a¿Cuál es el origen de nuestra (in)formalidad?. -- ¿Cómo nos (in)formalizamos los colombianos?. -- ¿Realmente qué tan (in)formales somos?. -- ¿Cómo hacemos para salir bien de la (in)formalidad mala?. aRecomendado para un público adulto 17aEconomía informal2LEMB17aCreación de empresa2LEMB17aTrabajadores independientes2LEMB aColombiaxCondiciones sociales1 aAcosta Bulla, Alejandraecolaboradora1 aSilva Romero, Ricardoecolaborador